Statistics for Страны, начинающиеся на букву И

Click here to take the quiz!

General Stats

  • This quiz has been taken 1 825 times
  • The average score is 8 of 10

Answer Stats

Страна% Correct
Ирландия
82%
Ирак
81%
Иран
81%
Исландия
79%
Италия
79%
Испания
77%
Индия
73%
Индонезия
71%
Иордания
67%
Израиль
66%

Score Distribution

Percentile by Number Answered

Percent of People with Each Score

Your Score History

You have not taken this quiz